| 000 | 00403nam a2200145 a 4500 | ||
|---|---|---|---|
| 001 | 13091 | ||
| 005 | 20180713201429.0 | ||
| 008 | 140415s1985 000 0 spa d | ||
| 041 | _aspa | ||
| 082 |
_a620.872 _bPRO |
||
| 245 | 0 | 0 | _aPROSPECTIVA DE LA BIOTECNOLOGIA EN MEXICO |
| 260 |
_a[s.l.] : _bCONSEJO NACIONAL DE CIENCIA Y TECNOLOGIA, _c1985 |
||
| 300 | _a499 | ||
| 650 | 1 | 4 | _aBIOTECNIA |
| 999 |
_c13091 _d13091 |
||